000 00425nam a2200157Ia 4500
008 210716s2009 xx 000 0 und d
020 _a97800521175821
041 _aeng
082 _a005.30287 AMMP
100 _aAmmann,Paul;Offutt, Jeff.
245 _aIntroduction to software testing.
250 _a1
260 _aNew Delhi
_bCambridge University Press
_c2009
300 _axxii,322/2012
650 _aSoftware Testing
999 _c196139
_d196139